|
|
|
|
| LEADER |
00000cam a2200000 a 4500 |
| 001 |
70481 |
| 005 |
20230308163014.0 |
| 008 |
000000|1979 ||||||||r|||||||||||spa|| |
| 020 |
|
|
|a 8471461951
|
| 040 |
|
|
|b spa
|
| 041 |
1 |
|
|a spa
|
| 082 |
0 |
|
|a 620.137
|
| 100 |
1 |
|
|a Cormon, Pierre
|9 38049
|
| 245 |
|
|
|a Fabricación del hormigón
|c Pierre Cormon
|h imp
|
| 264 |
|
|
|a Barcelona
|b Editores Técnicos Asociados
|c 1979
|
| 300 |
|
|
|a 229 páginas:
|b ilu
|c 25 cm
|
| 504 |
|
|
|a incl. ref.
|
| 650 |
|
|
|a Hormigon
|9 17467
|
| 650 |
|
|
|a Dosificacion
|9 38050
|
| 852 |
|
|
|a UC-CDJBV
|c ESTANTERIA CERRADA
|f Compra
|k mariana.quezada
|l 1
|m General
|p 00000000
|r 2
|t 70481
|b 0
|d CDRC
|e CDRC
|g 620.137 ESTANTERIA CERRADA
|z 0000-00-00
|
| 942 |
|
|
|c BK
|
| 999 |
|
|
|c 20133
|d 20133
|